01526nam a2200361 a 4500001001200000003000800012006001900020007001500039008004100054010001700095020003700112020003600149020002700185040002100212035002100233043001200254050002400266082002200290100002500312245009700337246004800434260005700482300002400539490006600563504005100629533015200680600003400832650005900866655002900925710001700954830006700971856012601038ebr10583988CaPaEBRm u cr cn|||||||||101117s2011 maua sb 001 0deng d z 2010046552 z9781584659662 (cloth alk. paper) z9781584659839 (pbk. alk. paper) z9781611682939 (e-book) aCaPaEBRcCaPaEBR a(OCoLC)782925938 an-us---14aLC3571b.K73 2011eb04a370.89/9240732221 aKrasner, Jonathan B.14aThe Benderly boys & American Jewish educationh[electronic resource] /cJonathan B. Krasner.3 aBenderly boys and American Jewish education aWaltham, Mass. :bBrandeis University Press,cc2011. axii, 498 p. :bill.1 aBrandeis series in American Jewish history, culture, and life aIncludes bibliographical references and index. aElectronic reproduction.bPalo Alto, Calif. :cebrary,d2013.nAvailable via World Wide Web.nAccess may be limited to ebrary affiliated libraries.10aBenderly, Samson,d1876-1944. 0aJewsxEducationzUnited StatesxHistoryy20th century. 7aElectronic books.2local2 aebrary, Inc. 0aBrandeis series in American Jewish history, culture, and life.40uhttp://site.ebrary.com/lib/rucke/Doc?id=10583988zAn electronic book accessible through the World Wide Web; click to view